000 00307nam a22001217a 4500
040 _cRUA
082 _aRUA CAM 1996 C160 Or.
100 _aCAMBRIDGE UNIVERSITY PRESS .
245 _aCambridge Practice tests For Ielts1.
260 _aPHNOM PENH
_bRUA
_c2013
300 _aiv.154p.
_bill.
_c29cm.
942 _cEK
999 _c25524
_d25524